| 000 | 00758cab a22002175a 4500 | ||
|---|---|---|---|
| 001 | L154023 | ||
| 008 | 111004e20111001xxk 000 0 eng d | ||
| 035 | _a(Sirsi) u154023 | ||
| 041 | 0 | _aeng | |
| 100 | 1 | _aSimmons, Mark | |
| 245 | 0 | 0 |
_aFocus _bCambridgeshire, Norfolk & Suffolk |
| 260 | _c2011 | ||
| 490 |
_aEstates Gazette _v(1139) 1 October 2011, 89-99(9) |
||
| 520 | _aIncludes information on office occupiers in Cambridge who are facing a shortage of prime space, Castle Street and London Street in Norwich and Chesterford Research Park. Also with market health check. | ||
| 590 | _aKA | ||
| 651 | 4 | _aCambridgeshire | |
| 651 | 4 | _aNorfolk | |
| 651 | 4 | _aSuffolk | |
| 690 | _aPROPERTY-COMMERCIAL PROPERTY-COMMERCIAL PROPERTY MARKET | ||
| 942 | _n0 | ||
| 999 |
_c83457 _d83457 |
||